[Event "SVK-chT2A 1213"]
[Site "Slovakia"]
[Date "2013.03.16"]
[Round "10.5"]
[White "Kantor, Reka"]
[Black "Puchart, Vladimir"]
[Result "1/2-1/2"]
[WhiteElo "1949"]
[BlackElo "2051"]
[PlyCount "120"]
[EventDate "2012.10.13"]
[EventType "team-tourn"]
[EventRounds "11"]
[EventCountry "SVK"]
[SourceTitle "EXT 2015"]
[Source "ChessBase"]
[SourceDate "2014.11.20"]
[SourceVersion "1"]
[SourceVersionDate "2014.11.20"]
[SourceQuality "1"]
[WhiteTeam "Gabcikovo"]
[BlackTeam "Trnava Lokomotiva II"]
[WhiteTeamCountry "SVK"]
[BlackTeamCountry "SVK"]

1. e4 c5 2. Nf3 d6 3. c4 Nc6 4. d4 cxd4 5. Nxd4 g6 6. Nc3 Bg7 7. Be3 Nf6 8. Be2 Qa5 9. Nb3 Qd8 10. Rc1 0-0 11. 0-0 Be6 12. Nd4 Nxd4 13. Bxd4 Qa5 14. b3 Rab8 15. Qd3 Rfc8 16. Rc2 a6 17. Rfc1 Nd7 18. Bxg7 Kxg7 19. Qd4+ Qe5 20. Qxe5+ Nxe5 21. Nd5 Kf8 22. Nb4 Nd7 23. f4 Rc7 24. Bf3 Rbc8 25. g4 f6 26. h3 a5 27. Nd5 Bxd5 28. exd5 b5 29. Kf2 Nb6 30. Ke3 bxc4 31. bxc4 Rxc4 32. Rxc4 Rxc4 33. Rxc4 Nxc4+ 34. Kd4 Nb6 35. Be4 Kf7 36. f5 g5 37. Bd3 Ke8 38. Bb5+ Kd8 39. Bc6 Kc7 40. a4 Kb8 41. Bb5 Na8 42. Be2 Nc7 43. Bd3 Ka7 44. Bc4 Kb6 45. Be2 Kb7 46. Bc4 Kc8 47. Be2 Kd8 48. Bd3 Ke8 49. Bf1 Kf8 50. Be2 Kg7 51. Bd3 Kh8 52. Be2 Kg8 53. Bf1 Kg7 54. Be2 Kf8 55. Bd3 Kg8 56. Be2 Kg7 57. Bd3 Na8 58. Bb5 Nc7 59. Bd3 Na8 60. Bb5 Nc7 1/2-1/2

[Event "Budapest FS10 FM-A"]
[Site "Budapest"]
[Date "2011.10.05"]
[Round "5"]
[White "Darazs, Zoltan"]
[Black "Kantor, Reka"]
[Result "1-0"]
[WhiteElo "2127"]
[BlackElo "1962"]
[PlyCount "73"]
[EventDate "2011.10.01"]
[EventType "tourn"]
[EventRounds "9"]
[EventCountry "HUN"]
[SourceTitle "CBM 144 Extra"]
[Source "ChessBase"]
[SourceDate "2011.10.28"]
[SourceVersion "1"]
[SourceVersionDate "2011.10.28"]
[SourceQuality "1"]

1. e4 e5 2. Nf3 Nc6 3. Bb5 a6 4. Ba4 Bc5 5. 0-0 d6 6. d4 exd4 7. Nxd4 Bd7 8. Nxc6 Bxc6 9. Bxc6+ bxc6 10. Qg4 Qf6 11. Nc3 Ne7 12. Bd2 0-0 13. Na4 Bb6 14. Nxb6 cxb6 15. Bc3 Qg6 16. Qd7 Rfe8 17. Rae1 Qe6 18. Qc7 Rab8 19. Re3 f6 20. Rd1 Red8 21. Red3 Rbc8 22. Qxb6 Qxa2 23. Qa5 Qc4 24. b3 Qb5 25. Rxd6 Rxd6 26. Rxd6 Qe2 27. Rd8+ Rxd8 28. Qxd8+ Kf7 29. Qd3 Qxd3 30. cxd3 Ke6 31. f4 Nc8 32. Kf2 Nb6 33. Ke3 g6 34. g4 Nd7 35. Kd4 h5 36. f5+ gxf5 37. exf5+ 1-0

[Event "Budapest FS08 FM-A1"]
[Site "Budapest"]
[Date "2011.08.06"]
[Round "1"]
[White "Kantor, Reka"]
[Black "Tran, Minh Thang1111"]
[Result "1/2-1/2"]
[WhiteElo "1965"]
[BlackElo "2092"]
[PlyCount "45"]
[EventDate "2011.08.06"]
[EventType "tourn"]
[EventRounds "9"]
[EventCountry "HUN"]
[SourceTitle "CBM 143 Extra"]
[Source "ChessBase"]
[SourceDate "2011.08.29"]
[SourceVersion "1"]
[SourceVersionDate "2011.08.29"]
[SourceQuality "1"]

1. e4 e6 2. d4 d5 3. e5 c5 4. c3 Qb6 5. a3 Bd7 6. Nf3 cxd4 7. cxd4 Bb5 8. Bxb5+ Qxb5 9. Qe2 Qxe2+ 10. Kxe2 Nc6 11. Bd2 Nge7 12. Nc3 f6 13. Nb5 Kd7 14. Rhe1 a6 15. Nc3 fxe5 16. dxe5 Nf5 17. Na4 Re8 18. Rac1 b5 19. Nc5+ Kc7 20. Nxa6+ Kb6 21. Nb4 Bxb4 22. Bxb4 Nxb4 23. axb4 1/2-1/2

[Event "Budapest FS05 FM-A"]
[Site "Budapest"]
[Date "2011.05.09"]
[Round "3"]
[White "Kantor, Reka"]
[Black "Juracsik, Jozsef"]
[Result "1/2-1/2"]
[WhiteElo "1947"]
[BlackElo "2133"]
[PlyCount "64"]
[EventDate "2011.05.07"]
[EventType "tourn"]
[EventRounds "11"]
[EventCountry "HUN"]
[SourceTitle "CBM 142 Extra"]
[Source "ChessBase"]
[SourceDate "2011.06.27"]
[SourceVersion "1"]
[SourceVersionDate "2011.06.27"]
[SourceQuality "1"]

1. e4 c5 2. Nf3 e6 3. c4 d6 4. d4 cxd4 5. Nxd4 Nf6 6. f3 Be7 7. Be3 0-0 8. Nc3 b6 9. Be2 Bb7 10. 0-0 a6 11. Qd2 Nbd7 12. Rac1 Rc8 13. Rc2 Qc7 14. Rfc1 Qb8 15. Na4 Rfe8 16. b4 g6 17. Bf1 Bd8 18. Kh1 Bc7 19. Qf2 Ba8 20. Nc3 d5 21. cxd5 exd5 22. Bxa6 Rcd8 23. h3 Bg3 24. Qg1 dxe4 25. fxe4 Ne5 26. Bb5 Nxe4 27. Nxe4 Bxe4 28. Bxe8 Rxe8 29. Rc3 Nd3 30. Rf1 Qd8 31. Nf3 b5 32. a3 f6 1/2-1/2

[Event "SVK-chT2A 10/11"]
[Site "Slovakia"]
[Date "2011.03.06"]
[Round "9.8"]
[White "Kantor, Reka"]
[Black "Bedac, Jozef"]
[Result "1/2-1/2"]
[WhiteElo "2003"]
[BlackElo "1706"]
[PlyCount "49"]
[EventDate "2010.10.23"]
[EventType "team-tourn"]
[EventRounds "11"]
[EventCountry "SVK"]
[SourceTitle "EXT 2019"]
[Source "ChessBase"]
[SourceDate "2018.10.10"]
[SourceVersion "1"]
[SourceVersionDate "2018.10.10"]
[SourceQuality "1"]
[WhiteTeam "Dunajska Streda SK II"]
[BlackTeam "Bratislava Slavia STU"]
[WhiteTeamCountry "SVK"]
[BlackTeamCountry "SVK"]

1. e4 e5 2. Nf3 Nc6 3. Bb5 a6 4. Ba4 Nf6 5. 0-0 Be7 6. Re1 b5 7. Bb3 d6 8. c3 Na5 9. Bc2 c5 10. h3 0-0 11. d4 exd4 12. cxd4 Nc6 13. Be3 Nb4 14. Nbd2 Nxc2 15. Qxc2 c4 16. Rad1 d5 17. e5 Nh5 18. Nh2 f5 19. exf6 Nxf6 20. Nhf3 Nh5 21. Ne5 Bd6 22. Ndf3 Nf4 23. Qd2 g5 24. h4 h6 25. hxg5 1/2-1/2

[Event "Budapest FS10 FM-A"]
[Site "Budapest"]
[Date "2010.10.06"]
[Round "5"]
[White "Tran, Minh Thang"]
[Black "Kantor, Reka"]
[Result "1-0"]
[WhiteElo "2018"]
[BlackElo "2003"]
[PlyCount "61"]
[EventDate "2010.10.02"]
[EventType "tourn"]
[EventRounds "9"]
[EventCountry "HUN"]
[SourceTitle "CBM 138 Extra"]
[Source "ChessBase"]
[SourceDate "2010.10.29"]
[SourceVersion "1"]
[SourceVersionDate "2010.10.29"]
[SourceQuality "1"]

1. d4 Nf6 2. Bf4 g6 3. Nf3 Bg7 4. e3 d6 5. Be2 0-0 6. h3 c5 7. c3 Qb6 8. Qb3 Nc6 9. 0-0 Be6 10. Qxb6 axb6 11. a3 c4 12. Nbd2 b5 13. e4 d5 14. exd5 Nxd5 15. Bh2 Nb6 16. Ng5 Bd5 17. Rfe1 e5 18. dxe5 Bxe5 19. Nge4 Bxh2+ 20. Kxh2 Bxe4 21. Nxe4 Na4 22. Rab1 Rfd8 23. b3 Nb6 24. bxc4 Nxc4 25. Rxb5 Nxa3 26. Rxb7 Ne5 27. f4 Nd3 28. Bxd3 Rxd3 29. Ng5 Rf8 30. Ree7 Rxc3 31. Nxf7 1-0

[Event "Budapest FS10 FM-A"]
[Site "Budapest"]
[Date "2010.10.02"]
[Round "1"]
[White "Mayer, Istvan"]
[Black "Kantor, Reka"]
[Result "1-0"]
[WhiteElo "2079"]
[BlackElo "2003"]
[PlyCount "59"]
[EventDate "2010.10.02"]
[EventType "tourn"]
[EventRounds "9"]
[EventCountry "HUN"]
[SourceTitle "CBM 138 Extra"]
[Source "ChessBase"]
[SourceDate "2010.10.29"]
[SourceVersion "1"]
[SourceVersionDate "2010.10.29"]
[SourceQuality "1"]

1. e4 e5 2. Bc4 Nf6 3. Qe2 Bc5 4. d3 Nc6 5. c3 h6 6. b4 Bb6 7. a4 a6 8. Ba2 d6 9. Na3 0-0 10. Nf3 Be6 11. Nc4 Ba7 12. 0-0 Qd7 13. Be3 Ne7 14. Bxa7 Rxa7 15. Ne3 Ng6 16. Qc2 d5 17. exd5 Bxd5 18. Nxd5 Nxd5 19. d4 exd4 20. Nxd4 Nge7 21. Rad1 Qg4 22. Rfe1 Nf4 23. f3 Qg5 24. Kh1 Neg6 25. g3 Nh5 26. Nf5 Nf6 27. Ne7+ Nxe7 28. Rxe7 Nd5 29. Rxf7 Kxf7 30. Rxd5 1-0

[Event "EU-ch U18 Girls"]
[Site "Batumi"]
[Date "2010.09.28"]
[Round "9"]
[White "Kantor, Reka"]
[Black "Tevzadze, Mariam"]
[Result "1/2-1/2"]
[WhiteElo "2003"]
[BlackElo "1895"]
[PlyCount "47"]
[EventDate "2010.09.20"]
[EventType "swiss"]
[EventRounds "9"]
[EventCountry "GEO"]
[SourceTitle "CBM 138 Extra"]
[Source "ChessBase"]
[SourceDate "2010.10.29"]
[SourceVersion "1"]
[SourceVersionDate "2010.10.29"]
[SourceQuality "1"]

1. e4 e5 2. Nf3 d6 3. d4 Nf6 4. Nc3 Nbd7 5. Bc4 Be7 6. h3 0-0 7. Be3 c6 8. a3 b5 9. Ba2 a6 10. dxe5 dxe5 11. 0-0 Qc7 12. Qe2 Nc5 13. Bxc5 Bxc5 14. Rad1 Be6 15. Bxe6 fxe6 16. Nb1 h6 17. b4 Ba7 18. c4 Nh5 19. c5 Nf4 20. Qe3 Rf7 21. Kh2 Raf8 22. Ng1 g5 23. Qd2 Bb8 24. Nc3 1/2-1/2

[Event "EU-ch U18 Girls"]
[Site "Batumi"]
[Date "2010.09.23"]
[Round "4"]
[White "Abdulla, Khayala Mardan Qizi"]
[Black "Kantor, Reka"]
[Result "1-0"]
[WhiteElo "2193"]
[BlackElo "2003"]
[PlyCount "93"]
[EventDate "2010.09.20"]
[EventType "swiss"]
[EventRounds "9"]
[EventCountry "GEO"]
[SourceTitle "CBM 138 Extra"]
[Source "ChessBase"]
[SourceDate "2010.10.29"]
[SourceVersion "1"]
[SourceVersionDate "2010.10.29"]
[SourceQuality "1"]

1. e4 e5 2. Nf3 Nc6 3. Bb5 a6 4. Ba4 Nf6 5. d3 b5 6. Bb3 Be7 7. 0-0 0-0 8. c3 d6 9. Re1 Na5 10. Bc2 c5 11. Nbd2 Re8 12. Nf1 Nc6 13. Ng3 Bf8 14. h3 h6 15. Be3 Be6 16. d4 cxd4 17. cxd4 exd4 18. Nxd4 Nxd4 19. Bxd4 Nd7 20. f4 Qh4 21. Qf3 Rac8 22. Rac1 Rc7 23. Bb1 Rxc1 24. Rxc1 Nc5 25. Bf2 Qf6 26. e5 dxe5 27. Bxc5 Bxc5+ 28. Rxc5 exf4 29. Nf1 Qxb2 30. Qe4 Kf8 31. Qc2 Qd4+ 32. Qf2 Qa1 33. Rc1 Qe5 34. Re1 Qg5 35. Kh1 Rc8 36. Nd2 Bf5 37. Ne4 Bxe4 38. Bxe4 a5 39. Rf1 b4 40. Qxf4 Qxf4 41. Rxf4 f6 42. Bd5 Ke7 43. Bb3 Rc1+ 44. Kh2 Ra1 45. Rd4 a4 46. Bxa4 Rxa2 47. Rxb4 1-0

[Event "Budapest FS05 FM-A"]
[Site "Budapest"]
[Date "2010.05.06"]
[Round "6"]
[White "Kantor, Reka"]
[Black "Darazs, Zoltan"]
[Result "1/2-1/2"]
[WhiteElo "1962"]
[BlackElo "2214"]
[PlyCount "33"]
[EventDate "2010.05.01"]
[EventType "tourn"]
[EventRounds "11"]
[EventCountry "HUN"]
[SourceTitle "CBM 136 Extra"]
[Source "ChessBase"]
[SourceDate "2010.07.02"]
[SourceVersion "2"]
[SourceVersionDate "2010.07.15"]
[SourceQuality "1"]

1. e4 e5 2. Nf3 Nc6 3. Bb5 a6 4. Ba4 Nf6 5. 0-0 Be7 6. Re1 b5 7. Bb3 0-0 8. c3 d5 9. exd5 Nxd5 10. Nxe5 Nxe5 11. Rxe5 c6 12. d4 Bd6 13. Re1 Qh4 14. g3 Qh3 15. Re4 Qd7 16. Re1 Qh3 17. Re4 1/2-1/2

[Event "Budapest FS05 FM-A"]
[Site "Budapest"]
[Date "2010.05.05"]
[Round "5"]
[White "Koczo, Kristof"]
[Black "Kantor, Reka"]
[Result "1/2-1/2"]
[WhiteElo "2167"]
[BlackElo "1962"]
[PlyCount "134"]
[EventDate "2010.05.01"]
[EventType "tourn"]
[EventRounds "11"]
[EventCountry "HUN"]
[SourceTitle "CBM 136 Extra"]
[Source "ChessBase"]
[SourceDate "2010.07.02"]
[SourceVersion "2"]
[SourceVersionDate "2010.07.15"]
[SourceQuality "1"]

1. d4 Nf6 2. c4 e6 3. Nf3 Bb4+ 4. Bd2 Qe7 5. g3 Nc6 6. Nc3 0-0 7. Bg2 d6 8. 0-0 a5 9. a3 Bxc3 10. Bxc3 a4 11. d5 Nd8 12. Nd2 e5 13. e4 Nd7 14. f4 b6 15. Qh5 g6 16. Qh6 f6 17. Qh4 Qg7 18. Kh1 Nb7 19. Bh3 Nbc5 20. Rf3 Ba6 21. Raf1 Rae8 22. f5 g5 23. Qh5 Qf7 24. Bg4 Qxh5 25. Bxh5 Ra8 26. h4 h6 27. Bb4 Kg7 28. Rc1 Rfb8 29. Rfc3 Ra7 30. Kg2 Rh8 31. Rh1 Raa8 32. Bd1 Bb7 33. Re3 Ba6 34. Be2 Bb7 35. Nb1 Ba6 36. Nc3 Rac8 37. Nb5 Bxb5 38. cxb5 Ra8 39. Bd1 Ra7 40. Bc2 Rha8 41. Ree1 Rh8 42. Rh2 Raa8 43. Reh1 Rab8 44. Kf3 Ra8 45. Ke3 Rab8 46. Bd1 Ra8 47. Bh5 Nb3 48. Bg6 Nf8 49. hxg5 fxg5 50. Bh5 Nd7 51. Rc2 Rac8 52. Rc3 Rhf8 53. Bd1 Nbc5 54. Rc4 Ra8 55. Rh2 Rfb8 56. Rhc2 Ra7 57. Rf2 Rf8 58. Rc1 Rf7 59. Bc2 Rf8 60. Rh1 Rf6 61. Rfh2 Ra8 62. Bd2 Rh8 63. Kf3 Rff8 64. Be3 Ra8 65. Ke2 Nf6 66. Bxc5 bxc5 67. Kd3 Ng4 1/2-1/2

[Event "Budapest FS05 FM-A"]
[Site "Budapest"]
[Date "2010.05.01"]
[Round "1"]
[White "Zilahi, Gabor"]
[Black "Kantor, Reka"]
[Result "0-1"]
[WhiteElo "1959"]
[BlackElo "1962"]
[PlyCount "92"]
[EventDate "2010.05.01"]
[EventType "tourn"]
[EventRounds "11"]
[EventCountry "HUN"]
[SourceTitle "CBM 136 Extra"]
[Source "ChessBase"]
[SourceDate "2010.07.02"]
[SourceVersion "2"]
[SourceVersionDate "2010.07.15"]
[SourceQuality "1"]

1. d4 Nf6 2. Bg5 Ne4 3. Bf4 e6 4. f3 Nf6 5. Nc3 d5 6. e4 a6 7. e5 Nfd7 8. Qd2 c5 9. dxc5 Nc6 10. Bg5 Qc7 11. f4 Nxc5 12. Nf3 b5 13. a3 Bb7 14. Be2 Rc8 15. Rd1 Nd7 16. 0-0 Na5 17. Kh1 Nc4 18. Bxc4 Qxc4 19. f5 Bxa3 20. fxe6 fxe6 21. bxa3 Qxc3 22. Qf4 Qc4 23. Nd4 Rf8 24. Nxe6 Rxf4 25. Nxg7+ Kf7 26. Rxf4+ Qxf4 27. Bxf4 Kxg7 28. e6 Nf8 29. e7 Ng6 30. Re1 Kf7 31. Bd6 Re8 32. Rf1+ Ke6 33. Bb4 Nxe7 34. Kg1 Nc6 35. Bc5 Ne5 36. Re1 Kd7 37. Rf1 Re6 38. Rf5 Kc6 39. Bd4 Nc4 40. Rf3 Bc8 41. h3 Bd7 42. g4 Rg6 43. Kf2 Kd6 44. Bc3 a5 45. Bf6 Nd2 46. Rf4 Ne4+ 0-1